| 000 | 01038nam2a2200241 4500 | ||
|---|---|---|---|
| 001 | rc\2950823 | ||
| 005 | 20260315060233.0 | ||
| 035 | _a(NLR Aleph) 007098454 | ||
| 090 |
_a13601747 _c13601747 |
||
| 100 | _a20110830d1933 u y0rusy50 ca | ||
| 101 | 0 | _arus | |
| 102 | _aRU | ||
| 105 | _aa z ||||| | ||
| 200 | 0 | _a4 | |
| 210 | _d1933 | ||
| 215 |
_a72 с. _cил. |
||
| 300 | _aЗагл.: Сборник рефератов и аннотаций ... | ||
| 461 | 0 |
_1001rc\2950820 _12000#$aСборник аннотаций и рефератов статей иностранных журналов по литейному делу$fПод ред. инж. А. Кракк$v4 _96645774 _cМосква _d1933 _fПод ред. инж. А. Кракк _nГосмашметиздат _tСборник аннотаций и рефератов статей иностранных журналов по литейному делу _v4 |
|
| 801 | 0 |
_aRU _bNLR _gpsbo |
|
| 801 | 1 |
_aRU _bELAR _2rusmarc |
|
| 852 |
_aNLR _j33-18/532(2) |
||
| 942 | _cUNSPEC | ||
| 980 | _aNB | ||